00698 a2200181 4500020001500000020001800015090001300033100002000046245012400066260004900190300002100239490005000260700002300310830005000333942002400383999001700407952009200424 a0521337070 a9780521337076 c316d3161 aPenrose, Roger.10aSpinors and space-time :b.nVolume 1, two-spinor calculus and relativistic fields /cRoger Penrose, Wolfgang Rindler. a[S.l.] :bCambridge University Press,c1987. a472 p. ;c23 cm.1 aCambridge monographs on mathematical physics.1 aRindler, Wolfgang. 0aCambridge monographs on mathematical physics. aSNScBKk512.57 RIN c28951d28951 00104070aSNSbSNSd2016-05-26l0o512.57 RINpSNS0000225r2019-03-22w2016-05-26yBK